Industrialización y regiones: nuevas teorías y políticas /
Сохранить в:
| Главный автор: | |
|---|---|
| Формат: | Текст |
| Предметы: | |
| Метки: |
Добавить метку
Нет меток, Требуется 1-ая метка записи!
|
MARC
| LEADER | 00000 a a2200000 04500 | ||
|---|---|---|---|
| 001 | 46850 | ||
| 003 | |||
| 040 | |||
| 090 | |a REV0229 (110) 1998 | ||
| 100 | |a Helmsing, A. H. J (Bert) | ||
| 245 | |a Industrialización y regiones: nuevas teorías y políticas / |c A. H. J (Bert) Helmsing | ||
| 650 | |a TEORIA | ||
| 650 | |a DESARROLLO RURAL | ||
| 650 | |a COMPETITIVIDAD | ||
| 650 | |a POLITICA ECONOMICA | ||
| 650 | |a ECONOMIA | ||
| 650 | |a DESARROLLO ECONOMICO Y SOCIAL | ||
| 650 | |a INDUSTRIA | ||
| 650 | |a LIBERALIZACION DEL INTERCAMBIO | ||
| 650 | |a AJUSTE ESTRUCTURAL | ||
| 650 | |a MERCADO | ||
| 773 | |g número110, (1998), Páginas 1- 66 | ||
| 999 | |c 20738 |d 20738 | ||
